A Pile of Random Questions About Water - Statistics

General Stats
  • This quiz has been taken 97 times
  • The average score is 16 of 24
Answer Stats
Hint Answer % Correct
What does the "H" in the formula stand for Hydrogen
99%
What is the chemical formula for water H2O
96%
What is the name for the largest type of body of water Ocean
91%
Death by water suffocation Drowning
85%
What is the process in which water goes from a gas to a liquid Condensation
83%
A form of torture that gives the sensation of drowning. Waterboarding
80%
In Celsius? 100
78%
Something built to hold back water Dam
78%
You can go this long without water Three Days
78%
When water, in any state, falls from the sky Precipitation
77%
Spanish for water Agua
74%
It is commonly said that this is thicker than water Blood
74%
What is the boiling point of water in Fahrenheit 212
67%
Electricity produced by the motion of water Hydroelectricity
67%
Largest inland body of water Caspian Sea
62%
An animal that lives on water, then land Amphibian
56%
Something that erupts boiling water that's heated by magma Geyser
47%
A tornado over water Waterspout
47%
Water is __________, meaning it can't be forced into a smaller space Incompressible
46%
The way in which water circulates around the earth Water Cycle
46%
In 2004, a tsunami occurred on this holiday Boxing Day
43%
1.8% of the world's water is ________ Frozen
42%
Poland Spring is named for a town in what State? Maine
33%
The density of water is 1 gram per ___________ Milliliter
17%
No matching quizzes found
Score Distribution
Percent of People with Each Score
Percentile by Number Answered
Your Score History
You have not taken this quiz